All Taylor Swift Songs (as of October 2022) - Statistics

General Stats
  • This quiz has been taken 86 times
    58 since last reset
  • The average score is 189 of 257
Answer Stats
Taylor Swift % Correct
3 Anti-Hero
96%
16 ME! (feat. Brendon Urie of Panic! At The Disco)
94%
1 Lavender Haze
91%
6 Look What You Made Me Do
91%
3 Lover
91%
1 ...Ready For It?
91%
6 Shake It Off
91%
1 Welcome To New York
91%
8 Bad Blood
89%
2 Blank Space
89%
2 cardigan
89%
5 Delicate
89%
9 Getaway Car
89%
8 Gorgeous
89%
2 Red
89%
2 Red (Taylor's Version)
89%
5 All Too Well
87%
30 All Too Well (10 Minute Version) (Taylor's Version) (From The Vault)
87%
5 All Too Well (Taylor's Version)
87%
8 august
87%
2 Cruel Summer
87%
4 Don't Blame Me
87%
1 Fearless
87%
1 Fearless (Taylor's Version)
87%
4 Speak Now
87%
5 You're On Your Own, Kid
87%
6 22
85%
6 22 (Taylor's Version)
85%
14 betty
85%
12 Dress
85%
2 End Game
85%
15 evermore (feat. Bon Iver)
85%
4 exile (feat. Bon Iver)
85%
3 Love Story
85%
3 Love Story (Taylor's Version)
85%
2 Maroon
85%
15 New Year's Day
85%
15 Ours
85%
4 Out Of The Woods
85%
3 Style
85%
1 the 1
85%
17 the lakes
85%
8 We Are Never Ever Getting Back Together
85%
8 We Are Never Ever Getting Back Together (Taylor's Version)
85%
1 willow
85%
9 Bejeweled
83%
13 Clean
83%
11 Dancing With Our Hands Tied
83%
9 Enchanted
83%
2 Fifteen
83%
2 Fifteen (Taylor's Version)
83%
16 hoax
83%
1 I Forgot That You Existed
83%
11 Karma
83%
10 King Of My Heart
83%
13 marjorie
83%
6 Mean
83%
6 Midnight Rain
83%
1 Mine
83%
6 mirrorball
83%
7 Miss Americana & The Heartbreak Prince
83%
11 Our Song
83%
8 Paper Rings
83%
2 Picture To Burn
83%
7 seven
83%
2 Sparks Fly
83%
3 Teardrops On My Guitar
83%
3 the last great american dynasty
83%
13 This Is Why We Can't Have Nice Things
83%
1 Tim McGraw
83%
14 You Need To Calm Down
83%
9 Cornelia Street
81%
18 Daylight
81%
8 dorothea
81%
3 I Did Something Bad
81%
10 illicit affairs
81%
13 Invisible
81%
11 London Boy
81%
16 New Romantics
81%
4 Snow On The Beach (feat. Lana Del Rey)
81%
7 So It Goes...
81%
8 Vigilante S***
81%
9 Wildest Dreams
81%
Wildest Dreams (Taylor's Version)
81%
14 Wonderland
81%
15 Afterglow
79%
14 Call It What You Want
79%
5 Dear John
79%
11 Innocent
79%
13 Last Kiss
79%
14 Long Live
79%
6 no body, no crime (feat. HAIM)
79%
16 Paris
79%
15 peace
79%
4 The Man
79%
4 'tis the damn season
79%
5 tolerate it
79%
6 You Belong With Me
79%
6 You Belong With Me (Taylor's Version)
79%
5 All You Had To Do Was Stay
77%
2 champagne problems
77%
20 Dear Reader
77%
10 How You Get The Girl
77%
4 I Knew You Were Trouble.
77%
4 I Knew You Were Trouble (Taylor's Version)
77%
11 invisible string
77%
6 I Think He Knows
77%
17 It's Nice To Have A Friend
77%
10 ivy
77%
10 Mary's Song (Oh My My My)
77%
13 Mastermind
77%
5 my tears ricochet
77%
7 Question...?
77%
12 Sweet Nothing
77%
5 The Archer
77%
5 White Horse
77%
5 White Horse (Taylor's Version)
77%
15 Bigger Than The Whole Sky
74%
18 Glitch
74%
3 gold rush
74%
12 Haunted
74%
10 Labyrinth
74%
22 Mr. Perfectly Fine (Taylor's Version) (From The Vault)
74%
16 right where you left me
74%
12 Soon You'll Get Better (feat. The Chicks)
74%
9 Stay Stay Stay
74%
9 Stay Stay Stay (Taylor's Version)
74%
14 The Great War
74%
3 Back To December
72%
5 Cold As You
72%
11 cowboy like me
72%
10 Death By A Thousand Cuts
72%
13 epiphany
72%
13 False God
72%
4 Hey Stephen
72%
4 Hey Stephen (Taylor's Version)
72%
12 I Know Places
72%
17 it's time to go
72%
8 Never Grow Up
72%
9 Should've Said No
72%
1 State Of Grace
72%
20 State Of Grace - Acoustic
72%
20 State Of Grace (Acoustic Version) (Taylor's Version)
72%
1 State Of Grace (Taylor's Version)
72%
6 The Other Side Of The Door
72%
19 The Other Side Of The Door (Taylor's Version)
72%
11 This Love
72%
This Love (Taylor's Version)
72%
15 You Are In Love
72%
24 Babe (Taylor's Version) (From The Vault)
70%
Babe (with Sugarland)
70%
10 Better Than Revenge
70%
9 coney island (feat. The National)
70%
14 Everything Has Changed
70%
14 Everything Has Changed (feat. Ed Sheeran) (Taylor's Version)
70%
16 If This Was A Movie
70%
12 I'm Only Me When I'm With You
70%
12 mad woman
70%
Ronan
70%
21 Ronan (Taylor's Version)
70%
15 Starlight
70%
15 Starlight (Taylor's Version)
70%
8 Stay Beautiful
70%
17 Superman
70%
6 The Outside
70%
7 The Story Of Us
70%
9 this is me trying
70%
7 Tied Together with a Smile
70%
3 Treacherous
70%
3 Treacherous (Taylor's Version)
70%
4 A Place in this World
68%
16 Begin Again
68%
16 Begin Again (Taylor's Version)
68%
26 Bye Bye Baby (Taylor's Version) (From The Vault)
68%
13 Change
68%
13 Change (Taylor's Version)
68%
11 Forever & Always
68%
3 Forever & Always - Piano Version
68%
16 Forever & Always (Piano Version) (Taylor's Version)
68%
11 Forever & Always (Taylor's Version)
68%
7 happiness
68%
1 Jump Then Fall
68%
14 Jump Then Fall (Taylor's Version)
68%
12 long story short
68%
28 Run (feat. Ed Sheeran) (Taylor's Version) (From The Vault)
68%
12 The Best Day
68%
12 The Best Day (Taylor's Version)
68%
Today Was A Fairytale
68%
20 Today Was A Fairytale (Taylor's Version)
68%
2 Untouchable
68%
15 Untouchable (Taylor's Version)
68%
19 Would've, Could've, Should've
68%
22 Better Man (Taylor's Version) (From The Vault)
66%
7 Breathe
66%
7 Breathe (feat. Colbie Caillat) (Taylor's Version)
66%
25 Don't You (Taylor's Version) (From The Vault)
66%
17 High Infidelity
66%
11 Holy Ground
66%
11 Holy Ground (Taylor's Version)
66%
7 I Almost Do
66%
7 I Almost Do (Taylor's Version)
66%
25 Message In A Bottle (Taylor's Version) (From The Vault)
66%
12 Sad Beautiful Tragic
66%
12 Sad Beautiful Tragic (Taylor's Version)
66%
5 SuperStar
66%
18 Superstar (Taylor's Version)
66%
10 The Last Time
66%
10 The Last Time (feat. Gary Lightbody of Snow Patrol) (Taylor's Version)
66%
13 The Lucky One
66%
13 The Lucky One (Taylor's Version)
66%
17 The Moment I Knew
66%
17 The Moment I Knew (Taylor's Version)
66%
10 The Way I Loved You
66%
10 The Way I Loved You (Taylor's Version)
66%
9 You're Not Sorry
66%
9 You're Not Sorry (Taylor's Version)
66%
14 A Perfectly Good Heart
64%
14 closure
64%
18 Come Back...Be Here
64%
18 Come Back...Be Here (Taylor's Version)
64%
19 Girl At Home
64%
19 Girl At Home (Taylor's Version)
64%
26 I Bet You Think About Me (feat. Chris Stapleton) (Taylor's Version) (From The Vault)
64%
I Don't Wanna Live Forever (with ZAYN)
64%
7 I Wish You Would
64%
23 Nothing New (feat. Phoebe Bridgers) (Taylor's Version) (From The Vault)
64%
29 The Very First Night (Taylor's Version) (From The Vault)
64%
4 Come In With The Rain
62%
17 Come In With The Rain (Taylor's Version)
62%
8 Tell Me Why
62%
8 Tell Me Why (Taylor's Version)
62%
Christmas Tree Farm
60%
3 Santa Baby
60%
4 Silent Night
60%
24 That's When (feat. Keith Urban) (Taylor's Version) (From The Vault)
60%
23 We Were Happy (Taylor's Version) (From The Vault)
60%
27 Forever Winter (Taylor's Version) (From The Vault)
57%
6 White Christmas
57%
1 Last Christmas
55%
Only The Young
55%
2 Christmases When You Were Mine
53%
5 Christmas Must Be Something More
53%
Eyes Open
53%
Highway Don't Care (with Tim McGraw)
53%
Safe & Sound (with The Civil Wars)
53%
21 You All Over Me (feat. Maren Morris) (Taylor's Version) (From The Vault)
53%
Crazier
51%
The Joker and the Queen (with Ed Sheeran)
51%
Beautiful Eyes
49%
Both of Us (with B.o.B.)
49%
Renegade (with Big Red Machine)
49%
Two Is Better Than One (with Boys Like Girls)
49%
Beautiful Ghosts
47%
Gasoline (with HAIM)
47%
Sweeter Than Fiction
47%
Birch (with Big Red Machine)
36%
Half of My Heart (with John Mayer)
32%
No matching quizzes found
Score Distribution
Percent of People with Each Score
Percentile by Number Answered
Your Score History
You have not taken this quiz since the last reset